Postavenie univerzity, vzdelávanie a jej výskum v znalostnej ekonomike

Výchova a vzdelanie ako dôležitá podmienka úspešného rozvoja každej krajiny. Prognózy rozvoja vedy. Dôležitosť znalostí v informačnom procese. Znalostná ekonomika, vzdelávacie systémy a trh práce. Vzdelanie ako majetok.

Salvato in:
Dettagli Bibliografici
Autore principale: Alexy, Július, 1926-2024
Natura: Capitolo di libro
Lingua:slovacco
Soggetti:
Tags: Aggiungi Tag
Nessun Tag, puoi essere il primo ad aggiungerne!!

MARC

LEADER 00000naa$a2200000$$$4500
001 0088049
005 20240502072003.8
041 0 |a slo 
044 |a SK 
245 1 0 |a Postavenie univerzity, vzdelávanie a jej výskum v znalostnej ekonomike  |c Július Alexy 
520 |a Výchova a vzdelanie ako dôležitá podmienka úspešného rozvoja každej krajiny. Prognózy rozvoja vedy. Dôležitosť znalostí v informačnom procese. Znalostná ekonomika, vzdelávacie systémy a trh práce. Vzdelanie ako majetok. 
610 2 0 |a vzdelávanie 
610 2 0 |a výchova 
610 2 0 |a vedomosti 
610 2 0 |a ekonomika vedomostná 
610 2 0 |a školy stredné 
610 2 0 |a školy vysoké 
610 2 0 |a univerzity 
610 2 0 |a veda 
100 1 |a Alexy, Július, 1926-2024